000 00363nam a22001697a 4500
003 UA-OsUOA
001 4895
007 ta
008 20050721b un ||||| |||| 00| 0 ukr d
100 _aBander
700 _aRobert G.
942 _cBK
040 _aUA-OsUOA
_cUA-OsUOA
_dUA-OsUOA
245 _aAmerican English Rhetoric.
_bWriting
955 _a2
650 7 _2UDC
999 _c291057
_d291057